000 00642nam a2200193Ia 4500
005 20250508163405.0
008 008 250505s9999 xx 000 0 eng d
037 _aTextual
040 _aFEDL
_beng
_cFEDL
041 _aeng
_2eng
084 _a001.64, UNE
_qFEDL
100 _aSheng Guo
_9668131
245 0 _aMicrocomputer processing and analysis of sample survey in education: A methodological case study
260 _aBangkok, Thailand
_bUNESCO Regional Office for Education in Asia and the Pacific
_c1988
300 _a37p.
650 _aComputer Science
942 _cTEXL
_h001.64, UNE
999 _c1382768
_d1382768